000 00479nam a2200181Ia 4500
008 131103s9999 xx 000 0 und d
040 _aLoreto College
041 _aEnglish
082 _aREF
_bLCBED/9275
100 _aBiswas, A.
245 _aEncyclopaedic dictionary and directoryof education
_cA. Biswas
260 _aNew Delhi
_bthe academic
_c1968
300 _a92p.
_c 24cm.
504 _aIncludes index
650 _aDictionary
850 _aLCBED/REF
942 _cBK
999 _c34586
_d85065